Premières traductions française de Star Wars - Statistiques

Statistiques générales
  • Ce quiz a été pris 80 fois
  • Le résultat moyen est 4 sur 14
Statistiques - réponses
Traduction actuelle Traduction originale de 1977 % Correct
Star Wars La Guerre des Étoiles
98%
C-3PO Z-6PO
44%
Han Solo Yan Solo
42%
Faucon Millenium Millenium Condor
33%
R2-D2 D2-R2
32%
Chewie (son surnom) Chico
26%
Jabba le Hutt Jabba le forestier
23%
Blaster Pistolaser
21%
Guerre des clones Guerre noire
18%
Alderaan Alderande
17%
Chewbacca Chiquetabac
15%
Luke Skywalker (générique uniquement) Luke Courleciel
3%
Tarkin Tarkan
3%
Speeder Motojet
0%
Aucun quiz correspondant
Distribution des résultats
% des personnes avec chaque résultat
Percentile par nombre de réponses
Votre historique - résultats
Vous n’avez pas pris ce quiz